ბათუმის შოთა რუსთაველის სახელმწიფო უნივერსიტეტის ბიბლიოთეკა

Fantastic Mr.fox (ბიბ.ჩანაწერი № 47481)

000 -LEADER
fixed length control field 00428nam a2200205Ia 4500
001 - CONTROL NUMBER
control field 14345
003 - CONTROL NUMBER IDENTIFIER
control field GE_BSU
008 - FIXED-LENGTH DATA ELEMENTS--GENERAL INFORMATION
fixed length control field 181216s||||||||xx |||||||||||||| ||und||
020 ## - INTERNATIONAL STANDARD BOOK NUMBER
International Standard Book Number 0141311282
040 ## - CATALOGING SOURCE
Transcribing agency GE_BSU
080 ## - UNIVERSAL DECIMAL CLASSIFICATION NUMBER
Universal Decimal Classification number 82-93
100 ## - MAIN ENTRY--PERSONAL NAME
Personal name Dahl,Roald
245 ## - TITLE STATEMENT
Title Fantastic Mr.fox
260 ## - PUBLICATION, DISTRIBUTION, ETC.
Place of publication, distribution, etc. London
260 ## - PUBLICATION, DISTRIBUTION, ETC.
Name of publisher, distributor, etc. Puffin books
260 ## - PUBLICATION, DISTRIBUTION, ETC.
Date of publication, distribution, etc. 1996
300 ## - PHYSICAL DESCRIPTION
Extent 82p.20cm.
653 ## - INDEX TERM--UNCONTROLLED
Uncontrolled term Fantastic Mr.fox
942 ## - ADDED ENTRY ELEMENTS (KOHA)
Koha item type წიგნი
ეგზემპლარები
Withdrawn status Lost status Damaged status Not for loan Date acquired Barcode Date last seen Price effective from Koha item type
        2018-12-17 37338 2018-12-17 2018-12-17 წიგნი